Historia constitucional de Chile: las instituciones políticas y sociales
Saved in:
| 主要作者: | |
|---|---|
| 格式: | 圖書 |
| 語言: | 西班牙语 |
| 出版: |
Santiago
Jurídica de Chile
2005
|
| 版: | 7a. ed |
| 主題: | |
| 在線閱讀: | Disponible Online |
| 標簽: |
添加標簽
沒有標簽, 成為第一個標記此記錄!
|
MARC
| LEADER | 00000nam a2200000 a 4500 | ||
|---|---|---|---|
| 001 | UCH0005 | ||
| 003 | CL-VaPUC | ||
| 005 | 20240807163629.0 | ||
| 008 | 090108e20050000CL |||||||||||||||||spa|d | ||
| 999 | |c 332426 |d 332424 | ||
| 020 | |a 9561004054 | ||
| 040 | |c Pontificia Universidad Católica de Valparaíso | ||
| 082 | 0 | 4 | |a 342.83 |b CAM |2 21 |
| 100 | 0 | |a Campos Harriet, Fernando |e author |9 534076 | |
| 245 | 1 | 0 | |a Historia constitucional de Chile: las instituciones políticas y sociales |
| 250 | |a 7a. ed | ||
| 260 | |a Santiago |b Jurídica de Chile |c 2005 | ||
| 300 | |a 430 p | ||
| 583 | |a last modification |c 20121217 09:43:57 |k Rodrigo Vera | ||
| 650 | 0 | |a Derecho constitucional chileno |9 478271 | |
| 650 | 0 | |a Historia del derecho |9 255109 | |
| 651 | 7 | |a CHILE |2 CL-VaPUC |9 534077 | |
| 852 | |a BIBCUR | ||
| 856 | |u https://bibliografiadigital.pucv.cl/index.php/bibliotecapucv/catalog/book/17 |y Disponible Online | ||
| 942 | |c BK |2 ddc | ||
| 945 | |d 20090108 00:00:00 |a rbrito | ||
| 952 | |0 0 |1 0 |4 0 |6 342_830000000000000_CAM_2005 |7 0 |8 A |9 420121 |a BIBDER |b BIBDER |d 2019-11-22 |i 4508610 |l 3 |o 342.83 CAM 2005 |p 4508610 |r 2024-11-07 |s 2024-10-24 |w 2019-11-22 |y BK |k DER | ||